00319cam a22000977a 4500008004000000082001500040245009300055260003200148300000600180700003500186180718b1971 xxu||||| |||| 00| 0 eng d aI57x42 Un3 aWork - study and incentive scheme in local authoritiescby Department of the environment aLondonbHer Majesty'sc1971 a5 aU.K.Department of the environm